000 00719nam a2200253Ia 4500
003 OSt
005 20220925235320.0
006 a|||||r|||| 00| 0
007 ta
008 220923b |||||||| |||| 00| 0 eng d
037 _cGeneral Book
040 _aRTL
_cRTL
_beng
041 _2eng
_aeng
082 _aU43, M9.2
100 _aPandey D C Ed.
_9301187
245 0 _aDimensions of development planning
260 _a New Delhi
_bCriterion India
_c1989
300 _axiii, 820p
_ccm.
500 _aBibliography Chapterwise
650 _aGeography-Urban
700 _a Tiwari P C Ed.
_9301188
942 _hU43, M9.2
_cGB
_2CC
999 _c597122
_d597122